Paroles - Je n'ai pas changé - Julio Iglesias - Statistiques

Statistiques générales
  • Ce quiz a été pris 45 fois
  • Le résultat moyen est 224 sur 272
Statistiques - réponses
Paroles % Correct
à
100%
A
100%
ai
100%
changé
100%
J'
100%
Je
100%
"je
100%
pas
100%
suis
100%
t'
100%
toujours
100%
Toujours
100%
n'
97%
l'
97%
n'
97%
ce
93%
me
93%
qu'
93%
Et
90%
le
90%
même
90%
non
90%
Non
90%
Qui
90%
qui
90%
toi
90%
as
86%
d'
86%
plus
86%
te
86%
tu
86%
aime"
83%
de
83%
De
83%
dire
83%
dit
83%
étranger
83%
sans
83%
en
79%
par
79%
sourire
79%
des
76%
homme
76%
la
76%
léger
76%
long
76%
parfum
76%
petit
76%
Pour
76%
un
76%
Un
76%
vraiment
76%
assez
72%
Mais
72%
emmener
69%
était
69%
faisait
69%
jeune
69%
peu
69%
poèmes
69%
riche
69%
commençaient
66%
écrivait
66%
finissaient
66%
fou
66%
parlait
66%
Amérique
62%
avais
62%
envie
62%
garçon
62%
Celui
59%
Corfou
59%
on
59%
revenir
59%
sur
59%
appartenir
55%
Terre
55%
voyager
55%
apprenti
52%
chemin
52%
garder,
52%
plaît
52%
seul
52%
ensemble
48%
plaire
48%
réussi
48%
romances
48%
suivait
48%
"demain"
45%
prends
45%
protéger
45%
dimanches
41%
inventait
41%
chantait
34%
baladin
28%
Aucun quiz correspondant
Distribution des résultats
% des personnes avec chaque résultat
Percentile par nombre de réponses
Votre historique - résultats
Vous n’avez pas pris ce quiz